[Event "European Youth Chess Championship B12"]
[Site "Prague, Top Hotel Prague"]
[Date "2016.08.26"]
[Round "8.25"]
[White "Budisavljevic, Luka"]
[Black "Horobrijs, Daniils"]
[Result "1/2-1/2"]
[WhiteElo "1993"]
[BlackElo "1829"]
[PlyCount "128"]
[EventDate "2016.08.18"]

1. d4 Nf6 2. Nf3 c5 3. d5 g6 4. Nc3 Bg7 5. e4 d6 6. Be2 O-O 7. O-O a6 8. a4 Qc7
9. h3 Nbd7 10. Bf4 Rb8 11. Nd2 h6 12. a5 b5 13. axb6 Rxb6 14. Nc4 Rb4 15. Na2
Rb8 16. Qd3 Nh7 17. Nc3 Nb6 18. Na5 c4 19. Qd2 Bd7 20. Be3 Bxc3 21. bxc3 Bb5
22. Bxh6 Rfc8 23. Qd4 Nf6 24. Rfc1 Nbd7 25. Bg4 Kh7 26. Be3 Nxg4 27. hxg4 Nb6
28. f3 Na4 29. Kf2 f6 30. Nc6 Bxc6 31. dxc6 Qxc6 32. Rh1+ Kg7 33. Bh6+ Kf7 34.
Bd2 Rh8 35. g5 Rxh1 36. Rxh1 Qc5 37. Rh7+ Ke6 38. gxf6 exf6 39. Rg7 Rb2 40.
Rxg6 Qxd4+ 41. cxd4 Kf7 42. Rh6 Rxc2 43. Ke1 c3 44. Bf4 Nb2 45. Rh7+ Kg6 46.
Rc7 Nd3+ 47. Kd1 Rxg2 48. Be3 Nb2+ 49. Kc1 Nd3+ 50. Kd1 c2+ 51. Rxc2 Rxc2 52.
Kxc2 Ne1+ 53. Kc3 Nxf3 54. Bf4 Ng5 55. Kd3 Nf7 56. Kc4 Kh5 57. Kd5 a5 58. Bxd6
Nxd6 59. Kxd6 a4 60. e5 fxe5 61. dxe5 a3 62. e6 a2 63. e7 a1=Q 64. e8=Q+ Kg4
1/2-1/2

[Event "European Youth Chess Championship B12"]
[Site "Prague, Top Hotel Prague"]
[Date "2016.08.26"]
[Round "8.26"]
[White "Minko, Dmitry"]
[Black "Biletskiy, Danylo"]
[Result "0-1"]
[WhiteElo "1960"]
[BlackElo "1796"]
[PlyCount "90"]
[EventDate "2016.08.18"]

1. e4 c5 2. Nf3 Nc6 3. d4 cxd4 4. Nxd4 g6 5. c4 Bg7 6. Be3 d6 7. Nc3 Nf6 8. Be2
O-O 9. O-O Bd7 10. f3 Qb6 11. Kh1 Ng4 12. fxg4 Nxd4 13. Qd2 Bc6 14. Nd5 Bxd5
15. exd5 e5 16. Bd3 a5 17. b3 Qc7 18. Rac1 b6 19. Bb1 Rfc8 20. Bh6 Qd7 21. Bxg7
Kxg7 22. Rc3 Qxg4 23. Rh3 h5 24. Qf2 Qf4 25. Qxf4 exf4 26. Rxf4 Re8 27. Rf1 Re2
28. Rh4 Nc2 29. Bxc2 Rxc2 30. Re4 Ra7 31. Re8 Rxa2 32. Rb8 Rb2 33. g4 hxg4 34.
Rxb6 a4 35. Rb8 a3 36. Re8 Rxb3 37. Ree1 Rb2 38. Ra1 a2 39. Rfc1 Rab7 40. c5
dxc5 41. d6 Rb1 42. d7 Rxc1+ 43. Rxc1 Rxd7 44. Ra1 Rd2 45. h3 Rb2 0-1

[Event "European Youth Chess Championship B12"]
[Site "Prague, Top Hotel Prague"]
[Date "2016.08.26"]
[Round "8.27"]
[White "Sosovicka, Jakub"]
[Black "Vantuch, Lucian"]
[Result "1-0"]
[WhiteElo "1959"]
[BlackElo "1796"]
[PlyCount "77"]
[EventDate "2016.08.18"]

{No moves yet, please connect to the cloud server} 1. e4 c5 2. Nf3 Nc6 3. d4
cxd4 4. Nxd4 g6 5. c4 Bg7 6. Be3 d6 7. Nc3 Nf6 8. Be2 O-O 9. Rc1 Nd7 10. O-O a5
11. b3 Nxd4 12. Bxd4 b6 13. Be3 Bb7 14. f3 f5 15. exf5 Rxf5 16. Bd3 Rh5 17. Be4
Bxe4 18. Nxe4 Nc5 19. Nxc5 bxc5 20. Qd2 Qd7 21. Rfe1 Rf8 22. Qxa5 Be5 23. f4
Rxf4 24. Bxf4 Bxf4 25. Qa8+ Kg7 26. Rc3 Bxh2+ 27. Kf1 d5 28. Rf3 Rf5 29. Ree3
d4 30. Rd3 Qe6 31. Rxf5 Qxf5+ 32. Qf3 Bc7 33. Qxf5 gxf5 34. b4 cxb4 35. Rxd4
Bd6 36. Rd5 Kf6 37. c5 Be5 38. c6 Ke6 39. Rxe5+ 1-0

[Event "European Youth Chess Championship B12"]
[Site "Prague, Top Hotel Prague"]
[Date "2016.08.26"]
[Round "8.28"]
[White "Kevlishvili, Nika"]
[Black "Bochnicka, Vladimir"]
[Result "0-1"]
[WhiteElo "1788"]
[BlackElo "1953"]
[PlyCount "66"]
[EventDate "2016.08.18"]

1. b4 d5 2. Bb2 Qd6 3. a3 e5 4. Nf3 f6 5. e3 Be6 6. Be2 Nd7 7. O-O Nh6 8. d3
Nf7 9. Nbd2 c6 10. c4 Qb8 11. cxd5 cxd5 12. Rc1 Bd6 13. Ne1 O-O 14. e4 f5 15.
Qb3 Nf6 16. Bf3 Ng5 17. exf5 Nxf3+ 18. Nexf3 Bxf5 19. Rfe1 Re8 20. Ne4 Bxe4 21.
dxe4 Kh8 22. exd5 e4 23. Ng5 Bxh2+ 24. Kh1 Ng4 25. Rc2 Qf4 26. Nh3 Qh6 27. Bc1
Qh5 28. Bb2 Qh4 29. Bd4 Bf4 30. Qc3 Qh6 31. Kg1 e3 32. Bxe3 Bxe3 33. fxe3 Rac8
0-1

[Event "European Youth Chess Championship B12"]
[Site "Prague, Top Hotel Prague"]
[Date "2016.08.26"]
[Round "8.29"]
[White "Bin-Suhayl, Ieysaa"]
[Black "Melkumiants, Alexandr"]
[Result "0-1"]
[WhiteElo "1899"]
[BlackElo "1794"]
[PlyCount "198"]
[EventDate "2016.08.18"]

1. Nf3 Nf6 2. c4 c5 3. g3 g6 4. Bg2 Bg7 5. O-O O-O 6. d4 cxd4 7. Nxd4 Nc6 8.
Nc3 Ng4 9. e3 d6 10. b3 Nge5 11. Bb2 Nxd4 12. exd4 Nc6 13. d5 Ne5 14. Qd2 Bf5
15. Ne4 Qb6 16. Rac1 Rfc8 17. Ba3 Bxe4 18. Bxe4 a5 19. Rb1 Qa7 20. Bb2 Nd7 21.
Rfe1 Bxb2 22. Qxb2 Rc7 23. Bc2 Nf6 24. Bd3 Re8 25. Kg2 Qc5 26. h4 Nh5 27. a3
Ng7 28. Qd2 Qxa3 29. h5 Qb4 30. Qxb4 axb4 31. hxg6 hxg6 32. Ra1 e6 33. dxe6
Nxe6 34. Kf1 Kf8 35. Ra5 Nd4 36. Rxe8+ Kxe8 37. Ra4 Nxb3 38. Rxb4 Nc5 39. Bc2
Ke7 40. Ke2 Ke6 41. Ke3 Re7 42. Kd4 Kd7 43. Rb2 Kc7 44. Bb3 Re1 45. g4 Re4+ 46.
Kc3 Rxg4 47. Kd2 Nxb3+ 48. Rxb3 Rxc4 49. Rf3 f5 50. Rg3 Rg4 51. Rc3+ Kb6 52.
Rb3+ Kc5 53. Rc3+ Kd5 54. Rb3 Rd4+ 55. Ke2 Re4+ 56. Kd2 Re7 57. Kd3 Ke5 58. Ke3
g5 59. Kd2 g4 60. Rg3 Rg7 61. Re3+ Kf6 62. Rd3 Rd7 63. Kc3 d5 64. Kd4 b6 65.
Rd2 f4 66. Re2 Kg5 67. Re6 g3 68. fxg3 fxg3 69. Re8 Kg4 70. Rg8+ Kf3 71. Rf8+
Kg2 72. Rg8 Kf2 73. Rf8+ Kg1 74. Rg8 g2 75. Rg6 Rh7 76. Rxb6 Kh1 77. Rb1+ g1=Q+
78. Rxg1+ Kxg1 79. Kxd5 Rh4 80. Ke5 Kf2 81. Kd5 Ke3 82. Ke5 Rh5+ 83. Kd6 Ke4
84. Kc6 Kd4 85. Kd6 Rh6+ 86. Ke7 Kd5 87. Kf7 Ke5 88. Kg7 Rb6 89. Kf7 Ra6 90.
Kg7 Kf5 91. Kh7 Kg5 92. Kg7 Ra7+ 93. Kf8 Kf6 94. Ke8 Rh7 95. Kd8 Ke6 96. Kc8
Kd6 97. Kb8 Kc6 98. Ka8 Kb6 99. Kb8 Rh8# 0-1

[Event "European Youth Chess Championship B12"]
[Site "Prague, Top Hotel Prague"]
[Date "2016.08.26"]
[Round "8.30"]
[White "Misiuk, Ernest"]
[Black "Verma, Aditya"]
[Result "0-1"]
[WhiteElo "1783"]
[BlackElo "1890"]
[PlyCount "77"]
[EventDate "2016.08.18"]

{No moves yet, please connect to the cloud server} 1. d4 d5 2. Nf3 Nf6 3. Bf4
c5 4. e3 Nc6 5. c3 Bg4 6. Nbd2 e6 7. Bd3 c4 8. Bc2 Be7 9. h3 Bh5 10. O-O O-O
11. e4 Bg6 12. e5 Nd7 13. Bxg6 hxg6 14. Re1 b5 15. a3 a5 16. Qe2 b4 17. Qe3
bxa3 18. bxa3 Qc7 19. Bg5 Rfb8 20. Bxe7 Nxe7 21. Ng5 Nf8 22. Qf4 Nc6 23. a4 Rb2
24. Nb1 Rb3 25. Na3 Na7 26. Re3 f5 27. Rg3 Rab8 28. Qc1 Qd7 29. Nc2 Nc8 30. h4
Nb6 31. h5 Nxa4 32. hxg6 Nxc3 33. Kh2 Ne2 34. Rxb3 cxb3 35. Qd2 bxc2 36. Qxe2
Rb1 37. Qh5 c1=Q 38. Rxb1 Qxb1 39. Nf7 0-1

[Event "European Youth Chess Championship B12"]
[Site "Prague, Top Hotel Prague"]
[Date "2016.08.26"]
[Round "8.31"]
[White "Pajcin, Lav"]
[Black "Ben Ari, Yannay"]
[Result "0-1"]
[WhiteElo "1735"]
[BlackElo "1883"]
[PlyCount "48"]
[EventDate "2016.08.18"]

1. e4 e5 2. Nf3 Nc6 3. Bc4 Nf6 4. d3 Be7 5. O-O O-O 6. Re1 d6 7. a4 Kh8 8. c3
Ng8 9. d4 f5 10. dxe5 fxe4 11. exd6 exf3 12. dxe7 Qxd1 13. Rxd1 Ngxe7 14. Bg5
fxg2 15. Kxg2 Bg4 16. Bxe7 Nxe7 17. Re1 Ng6 18. Kg3 h5 19. Re3 Rf4 20. b3 Raf8
21. Ra2 Bf5 22. h3 Bxb1 23. Rd2 Be4 24. Rd4 h4+ 0-1

[Event "European Youth Chess Championship B12"]
[Site "Prague, Top Hotel Prague"]
[Date "2016.08.26"]
[Round "8.32"]
[White "Decuigniere, Tom"]
[Black "Luczak, Filip"]
[Result "1/2-1/2"]
[WhiteElo "1878"]
[BlackElo "1749"]
[PlyCount "72"]
[EventDate "2016.08.18"]

1. c4 Nf6 2. Nc3 e6 3. e4 d5 4. cxd5 exd5 5. e5 Nfd7 6. d4 Nb6 7. Be3 Bf5 8. g4
Be6 9. Be2 Be7 10. f4 g6 11. h3 c6 12. Bd3 Nc4 13. Bxc4 dxc4 14. Nge2 h5 15.
Ng3 hxg4 16. hxg4 Rxh1+ 17. Nxh1 Qd7 18. Nf2 Na6 19. Qf3 Nb4 20. O-O-O Nd5 21.
Bd2 Nxc3 22. Bxc3 O-O-O 23. Rg1 Qd5 24. Qxd5 Bxd5 25. f5 Rh8 26. Nd1 Rh2 27.
Bd2 Kd7 28. Ne3 Bg5 29. Nxc4 Bxc4 30. Bxg5 Bxa2 31. e6+ Ke8 32. fxg6 fxg6 33.
e7 Bd5 34. Rf1 Rh1 35. Rxh1 Bxh1 36. Bf6 g5 1/2-1/2

[Event "European Youth Chess Championship B12"]
[Site "Prague, Top Hotel Prague"]
[Date "2016.08.26"]
[Round "8.33"]
[White "Skypala, Ondrej"]
[Black "Carbonell, Sancho Marc"]
[Result "0-1"]
[WhiteElo "1703"]
[BlackElo "1857"]
[PlyCount "56"]
[EventDate "2016.08.18"]

1. e4 c5 2. c3 d5 3. exd5 Qxd5 4. d4 g6 5. Nf3 Bg7 6. Be2 Nf6 7. O-O O-O 8.
dxc5 Qxc5 9. Be3 Qc7 10. Na3 a6 11. Nc4 Nbd7 12. h3 b5 13. Ncd2 Nd5 14. Bg5
N7b6 15. Rc1 Bb7 16. Qb3 h6 17. c4 hxg5 18. cxd5 Qf4 19. Rc5 Na4 20. Rc2 Rfd8
21. g3 Qf5 22. Rc7 Bxd5 23. Qe3 Bxf3 24. Nxf3 Nxb2 25. Rxe7 Bf6 26. Re4 Na4 27.
Bd3 Rxd3 28. Qxd3 Nc5 0-1

[Event "European Youth Chess Championship B12"]
[Site "Prague, Top Hotel Prague"]
[Date "2016.08.26"]
[Round "8.34"]
[White "Vainerchuk, Barys"]
[Black "Tsaruk, Maksim"]
[Result "0-1"]
[WhiteElo "1592"]
[BlackElo "2098"]
[PlyCount "130"]
[EventDate "2016.08.18"]

1. e4 e5 2. Nf3 Nc6 3. Nc3 Nf6 4. a3 d5 5. Bb5 Nxe4 6. Qe2 Nxc3 7. Qxe5+ Qe7 8.
dxc3 Bd7 9. Bxc6 Bxc6 10. O-O O-O-O 11. Qd4 Qc5 12. Be3 Qxd4 13. Bxd4 f6 14.
Rfe1 Bd6 15. Be3 Rhe8 16. Nd4 Bd7 17. b4 h6 18. g3 f5 19. Nb3 g5 20. Bd4 Rxe1+
21. Rxe1 Re8 22. Rxe8+ Bxe8 23. Bg7 h5 24. Nd4 Bd7 25. Bh6 g4 26. Bf4 Be7 27.
Kf1 b6 28. Be3 Kb7 29. Ne2 Bb5 30. Ke1 Be8 31. Nf4 Bf7 32. Bd4 c5 33. Be5 Kc6
34. Nd3 Kb5 35. Nb2 cxb4 36. cxb4 a5 37. c3 axb4 38. axb4 h4 39. Ke2 hxg3 40.
hxg3 Bg5 41. Kd3 Bg6 42. Kd4 Bf7 43. Nd3 Ka4 44. Nf4 Kb3 45. Kd3 Be8 46. Kd4
Bc6 47. Ne6 Bc1 48. Nf4 Bb2 49. Nxd5 Bxd5 50. Kxd5 Bxc3 51. Bxc3 Kxc3 52. b5
Kb4 53. Ke5 Kxb5 54. Kxf5 Kc4 55. Kxg4 b5 56. f4 b4 57. f5 Kd5 58. Kg5 b3 59.
f6 Ke6 60. Kg6 b2 61. f7 b1=Q+ 62. Kg7 Qb7 63. Kg8 Qxf7+ 64. Kh8 Kf6 65. g4
Qg7# 0-1

[Event "European Youth Chess Championship B12"]
[Site "Prague, Top Hotel Prague"]
[Date "2016.08.26"]
[Round "8.35"]
[White "Van, Dael Siem"]
[Black "Hommel, Niclas"]
[Result "1-0"]
[WhiteElo "2082"]
[BlackElo "1816"]
[PlyCount "73"]
[EventDate "2016.08.18"]

1. e4 c5 2. Nf3 Nc6 3. d4 cxd4 4. Nxd4 e5 5. Nb5 a6 6. Nd6+ Bxd6 7. Qxd6 Qf6 8.
Qd1 Nge7 9. Be3 Qg6 10. Nc3 d5 11. exd5 Nb4 12. Bd3 Nxd3+ 13. Qxd3 Qxd3 14.
cxd3 b5 15. d6 Nf5 16. Nd5 Rb8 17. Bc5 Kd7 18. d4 exd4 19. O-O-O Bb7 20. Nb6+
Kc6 21. b4 a5 22. a3 axb4 23. axb4 Ba6 24. g4 Nh4 25. Rxd4 Rxb6 26. d7 Rbb8 27.
Rhd1 Rbd8 28. Rd6+ Kb7 29. Rb6+ Ka7 30. Kb2 Rb8 31. Rxb8+ Kxb8 32. d8=Q+ Rxd8
33. Rxd8+ Kc7 34. Rf8 f5 35. Rf7+ Kd8 36. Rxg7 fxg4 37. Be7+ 1-0

[Event "European Youth Chess Championship B12"]
[Site "Prague, Top Hotel Prague"]
[Date "2016.08.26"]
[Round "8.36"]
[White "Antonica, Dragos-Andrei"]
[Black "Nguyen, Thai Dai Vinh"]
[Result "1-0"]
[WhiteElo "1946"]
[BlackElo "1774"]
[PlyCount "105"]
[EventDate "2016.08.18"]

1. Nf3 d5 2. d4 Bf5 3. e3 Nf6 4. Nbd2 e6 5. Be2 Bd6 6. O-O O-O 7. b3 Nbd7 8.
Bb2 Re8 9. Ne5 c5 10. Ndf3 Rc8 11. Nxd7 Nxd7 12. c4 Nf6 13. Rc1 Bg6 14. cxd5
Nxd5 15. dxc5 Bxc5 16. Rxc5 Rxc5 17. Qd4 Qf6 18. Qxc5 Qxb2 19. Bb5 b6 20. Qc1
Qxc1 21. Rxc1 Rd8 22. Nd4 h6 23. h3 Nb4 24. a3 Nd5 25. Ba6 Be4 26. Nc6 Rd7 27.
f3 Bg6 28. Ne5 Rc7 29. Rxc7 Nxc7 30. Nxg6 Nxa6 31. Ne7+ Kf8 32. Nc6 Nc5 33. b4
Na4 34. Nxa7 Ke7 35. Nc6+ Kd6 36. Nd4 Kd5 37. Kf2 Kc4 38. f4 Nc3 39. Ke1 Nb5
40. Nxb5 Kxb5 41. Kd2 Ka4 42. Kc3 Kxa3 43. Kc4 Ka4 44. e4 f5 45. e5 g5 46. g3
Ka3 47. Kb5 Kb3 48. Kxb6 Kxb4 49. Kc6 Kc4 50. Kd6 Kd4 51. Kxe6 Ke3 52. Kf6 gxf4
53. e6 1-0

[Event "European Youth Chess Championship B12"]
[Site "Prague, Top Hotel Prague"]
[Date "2016.08.26"]
[Round "8.37"]
[White "Ceres, Dragos"]
[Black "Pribyl, Viktor"]
[Result "1-0"]
[WhiteElo "1904"]
[BlackElo "1742"]
[PlyCount "87"]
[EventDate "2016.08.18"]

1. e4 c5 2. Nf3 d6 3. c3 Nf6 4. h3 Nbd7 5. Bd3 Qc7 6. Bc2 b6 7. O-O Bb7 8. Re1
Rc8 9. d3 e6 10. Bf4 Be7 11. Nbd2 O-O 12. Rc1 Rfe8 13. d4 Bf8 14. e5 Nd5 15.
Bh2 g6 16. Ne4 dxe5 17. Nxe5 Nxe5 18. Bxe5 Qd8 19. c4 f6 20. cxd5 fxe5 21. dxe5
Bg7 22. d6 Qd7 23. Nc3 Rf8 24. Qg4 Qf7 25. Qg3 Bh6 26. Rcd1 Bf4 27. Qh4 Bg5 28.
Qxg5 Qxf2+ 29. Kh2 Qxc2 30. Re2 Qf5 31. Qxf5 Rxf5 32. Rde1 Rcf8 33. Rd2 Bc6 34.
Nd1 R8f7 35. Kg1 Rg5 36. g4 h5 37. Nf2 hxg4 38. hxg4 Kf8 39. Kh2 Rf3 40. b4 Ke8
41. Ne4 Bxe4 42. Rxe4 Rc3 43. d7+ Kd8 44. Rf4 1-0

[Event "European Youth Chess Championship B12"]
[Site "Prague, Top Hotel Prague"]
[Date "2016.08.26"]
[Round "8.38"]
[White "Neumann, Filip"]
[Black "Gucaga, Augustas"]
[Result "0-1"]
[WhiteElo "1812"]
[BlackElo "1902"]
[PlyCount "102"]
[EventDate "2016.08.18"]

1. e4 c5 2. Nf3 d6 3. d4 cxd4 4. Nxd4 Nf6 5. Nc3 g6 6. Be3 Bg7 7. f3 O-O 8. Qd2
Nc6 9. Bc4 Bd7 10. Bb3 Qa5 11. O-O-O Ne5 12. Kb1 Rfc8 13. h4 Nc4 14. Bxc4 Rxc4
15. Nb3 Qa6 16. g4 Rac8 17. h5 Be6 18. Bh6 Bxh6 19. Qxh6 Rxc3 20. bxc3 Qc4 21.
hxg6 fxg6 22. g5 Nh5 23. Rxh5 gxh5 24. e5 Bf7 25. g6 Bxg6 26. Rg1 Qf7 27. exd6
exd6 28. Qd2 Rc6 29. f4 Rb6 30. Rg5 h6 31. Rg2 Kh7 32. Kb2 d5 33. Rh2 Be4 34.
Qe2 Qxf4 35. Qxh5 a5 36. Rh4 Qf6 37. Qe8 Re6 38. Qd7+ Re7 39. Rf4 Qxc3+ 40.
Kxc3 Rxd7 41. Nxa5 b6 42. Nb3 Rc7+ 43. Kb4 Rxc2 44. a4 Kg6 45. a5 bxa5+ 46.
Nxa5 h5 47. Nb3 Kg5 48. Rf8 h4 49. Rh8 Bf5 50. Rg8+ Kf4 51. Kb5 Rb2 0-1

[Event "European Youth Chess Championship B12"]
[Site "Prague, Top Hotel Prague"]
[Date "2016.08.26"]
[Round "8.39"]
[White "Astner, Sebastian"]
[Black "Grzesik, Gracjan"]
[Result "1/2-1/2"]
[WhiteElo "1893"]
[BlackElo "1734"]
[PlyCount "77"]
[EventDate "2016.08.18"]

1. e4 c5 2. b3 Nc6 3. Bb2 e6 4. c4 d6 5. g3 Nf6 6. Bg2 Be7 7. Ne2 O-O 8. d3 a6
9. Nbc3 Qc7 10. O-O Rb8 11. f4 b5 12. h3 Qb6 13. Kh2 Na5 14. Rb1 b4 15. e5 bxc3
16. exf6 Bxf6 17. Bxc3 Bxc3 18. Nxc3 Nc6 19. Be4 f5 20. Bg2 Bd7 21. Re1 Rbd8
22. Rb2 Rfe8 23. Rd2 Re7 24. Ne2 Nd4 25. Nxd4 cxd4 26. Rde2 Rde8 27. Qd2 Bc6
28. Bd5 Bxd5 29. cxd5 e5 30. Qc2 h6 31. Qc4 e4 32. Qc2 exd3 33. Qxd3 Rxe2+ 34.
Rxe2 Rxe2+ 35. Qxe2 Qb4 36. Qe6+ Kh8 37. Qc8+ Kh7 38. Qxf5+ Kg8 39. Qc8+
1/2-1/2

[Event "European Youth Chess Championship B12"]
[Site "Prague, Top Hotel Prague"]
[Date "2016.08.26"]
[Round "8.40"]
[White "Harutyunyan, Safar"]
[Black "Mansoor, Afras"]
[Result "1-0"]
[WhiteElo "1867"]
[BlackElo "1728"]
[PlyCount "69"]
[EventDate "2016.08.18"]

1. e4 Nf6 2. e5 Nd5 3. d4 d6 4. Nf3 Bg4 5. Be2 e6 6. h3 Bf5 7. c3 Be7 8. Qb3
O-O 9. Qxb7 Nd7 10. Qa6 Rb8 11. exd6 Bxd6 12. O-O Qf6 13. Bg5 Qg6 14. g4 Bxg4
15. hxg4 h6 16. Bd3 f5 17. Qc6 N7f6 18. gxf5 exf5 19. Bc4 Rfd8 20. Bxd5+ Kf8
21. Kg2 Rb6 22. Qc4 hxg5 23. Rh1 Bf4 24. Rh8+ Ke7 25. Bf7 Rxh8 26. Bxg6 g4 27.
Qf7+ Kd8 28. Nbd2 gxf3+ 29. Nxf3 Kc8 30. b3 Kb7 31. Bxf5 g5 32. Re1 Bd6 33.
Qxf6 Rf8 34. Qxg5 Rb5 35. Ne5 1-0

[Event "European Youth Chess Championship B12"]
[Site "Prague, Top Hotel Prague"]
[Date "2016.08.26"]
[Round "8.41"]
[White "Stremavicius, Pijus"]
[Black "Baum, Jonasz"]
[Result "0-1"]
[WhiteElo "1771"]
[BlackElo "1842"]
[PlyCount "90"]
[EventDate "2016.08.18"]

1. d4 d5 2. Bf4 Nf6 3. e3 e6 4. Nf3 c5 5. c3 Nc6 6. Nbd2 Bd6 7. Bg3 O-O 8. Bb5
a6 9. Bxd6 Qxd6 10. Bxc6 bxc6 11. Ne5 Nd7 12. Nxd7 Bxd7 13. O-O cxd4 14. cxd4
c5 15. Nb3 cxd4 16. exd4 Ba4 17. Qd2 Bxb3 18. axb3 Rfb8 19. Ra3 Qb4 20. Qxb4
Rxb4 21. Rd1 Rc8 22. Kf1 Rc2 23. Rxa6 g6 24. Ra3 Rxb2 25. Rd3 Kg7 26. g3 g5 27.
h3 Kg6 28. g4 Rb6 29. Kg2 f5 30. gxf5+ Kxf5 31. Re3 Rd2 32. Ra4 h5 33. Rf3+ Kg6
34. Kg3 Rb2 35. Ra8 h4+ 36. Kg2 Rb1 37. Re3 Kh5 38. Rf3 Rc6 39. Ra7 Rcc1 40.
Re3 Rh1 41. f4 Rhg1+ 42. Kh2 Rgd1 43. Ra2 gxf4 44. Rf3 Rxd4 45. Re2 Kg5 0-1

[Event "European Youth Chess Championship B12"]
[Site "Prague, Top Hotel Prague"]
[Date "2016.08.26"]
[Round "8.42"]
[White "Ratnesan, Ranesh"]
[Black "Mathieu, Phileas"]
[Result "0-1"]
[WhiteElo "1714"]
[BlackElo "1835"]
[PlyCount "88"]
[EventDate "2016.08.18"]

1. Nf3 d5 2. g3 Nf6 3. Bg2 c6 4. c4 Bf5 5. O-O e6 6. cxd5 exd5 7. d3 Be7 8. Qb3
Qb6 9. Qc2 O-O 10. Nc3 a5 11. e4 dxe4 12. dxe4 Be6 13. Be3 Qa6 14. Nd4 Nbd7 15.
Nxe6 fxe6 16. Qb3 Nc5 17. Bxc5 Bxc5 18. Qxe6+ Kh8 19. h3 Rae8 20. Qb3 Qa7 21.
Qc2 Nh5 22. Nd1 Nxg3 23. Re1 Nf5 24. Rc1 b6 25. Qd2 Nd4 26. Rc3 Rd8 27. Rd3 Qf7
28. Ree3 Qf4 29. Kh1 Nf3 30. Bxf3 Bxe3 31. fxe3 Qxf3+ 32. Kh2 Rxd3 33. Qxd3 Re8
34. e5 h6 35. Nc3 Rxe5 36. Qd8+ Kh7 37. Qd3+ Qf5 38. Qe2 Re6 39. e4 Qf4+ 40.
Kh1 Rg6 41. a4 Qg3 42. Qf1 Qe3 43. Kh2 Rf6 44. Qg1 Rf2+ 0-1

[Event "European Youth Chess Championship B12"]
[Site "Prague, Top Hotel Prague"]
[Date "2016.08.26"]
[Round "8.43"]
[White "Stoian, Cristian-Georgian"]
[Black "Chiriac, Daniel"]
[Result "0-1"]
[WhiteElo "1826"]
[BlackElo "1687"]
[PlyCount "58"]
[EventDate "2016.08.18"]

1. e4 c5 2. Nf3 e6 3. d4 cxd4 4. Nxd4 a6 5. Bd3 Qc7 6. O-O d6 7. c4 Nf6 8. Nc3
Be7 9. Be3 Nbd7 10. f4 b6 11. f5 e5 12. Nb3 Bb7 13. Nd5 Bxd5 14. cxd5 Nc5 15.
Nxc5 bxc5 16. Rc1 Qb7 17. b3 Bd8 18. Bd2 Ra7 19. Kh1 h6 20. Qf3 Nh7 21. Qg3 Bf6
22. Rc4 Ra8 23. Ra4 Bg5 24. Bxg5 hxg5 25. Ra5 Qb6 26. Qe1 Nf6 27. Qd2 Ng4 28.
h3 g6 29. Rg1 c4 0-1

[Event "European Youth Chess Championship B12"]
[Site "Prague, Top Hotel Prague"]
[Date "2016.08.26"]
[Round "8.44"]
[White "Rokos, Filip"]
[Black "Arbuzov, Timofey"]
[Result "1-0"]
[WhiteElo "1687"]
[BlackElo "1870"]
[PlyCount "75"]
[EventDate "2016.08.18"]

1. e4 d6 2. d4 Nf6 3. Nc3 Nbd7 4. Nf3 e5 5. Bc4 Be7 6. O-O O-O 7. Re1 c6 8. a4
b6 9. Ba2 a6 10. h3 Bb7 11. dxe5 dxe5 12. Be3 Qc7 13. Nh4 Bc5 14. Nf5 b5 15.
Qf3 b4 16. Ne2 Kh8 17. Rad1 Bxe3 18. Qxe3 Rad8 19. Qg5 g6 20. Nd6 a5 21. Nxf7+
Rxf7 22. Bxf7 Kg7 23. Bc4 Nxe4 24. Qe7+ Kh8 25. Ng3 Nef6 26. Qd6 Qxd6 27. Rxd6
Re8 28. Red1 Re7 29. Ne4 Nxe4 30. Rxd7 Rxd7 31. Rxd7 Nc5 32. Rc7 e4 33. Kf1 h6
34. Ke2 g5 35. Ke3 Ba6 36. Bxa6 Nxa6 37. Rxc6 Nb8 38. Rc8+ 1-0

[Event "European Youth Chess Championship B12"]
[Site "Prague, Top Hotel Prague"]
[Date "2016.08.26"]
[Round "8.45"]
[White "Karacsonyi, Gellert"]
[Black "Smelykh, Edvin"]
[Result "1-0"]
[WhiteElo "2122"]
[BlackElo "1709"]
[PlyCount "117"]
[EventDate "2016.08.18"]

1. e4 c5 2. Nf3 e6 3. d4 cxd4 4. Nxd4 a6 5. Nc3 b5 6. Bd3 Bb7 7. O-O d6 8. Qe2
Nf6 9. Kh1 Nbd7 10. f4 Qc7 11. Bd2 g6 12. Rac1 e5 13. fxe5 dxe5 14. Nb3 Bg7 15.
Rf3 O-O 16. a3 Rfc8 17. Rcf1 Ne8 18. Qf2 Nd6 19. Rh3 Nf8 20. Bg5 Re8 21. Nd2
Bc6 22. Bf6 Bxf6 23. Qxf6 Qe7 24. Qf2 Ne6 25. Nf3 Nf4 26. Rh4 f6 27. Nd2 Rf8
28. Ne2 Nxe2 29. Bxe2 f5 30. exf5 Nxf5 31. Rh3 Nd4 32. Qe3 Nxe2 33. Qxe2 Rxf1+
34. Nxf1 Rf8 35. Re3 Qf6 36. Kg1 e4 37. c3 Bd5 38. Nd2 Re8 39. Nxe4 Bxe4 40.
Rxe4 Rxe4 41. Qxe4 Qd6 42. Qd4 Qe6 43. Kf2 Qf5+ 44. Ke3 Qg5+ 45. Kf3 Qf5+ 46.
Qf4 Qd3+ 47. Qe3 Qf5+ 48. Kg3 Qf6 49. Qe8+ Kg7 50. Qd7+ Kg8 51. Qd5+ Kf8 52.
Qf3 Qxf3+ 53. Kxf3 Ke7 54. Ke4 Ke6 55. g4 h6 56. h4 a5 57. b3 Kd6 58. Kd4 Kc6
59. b4 1-0

[Event "European Youth Chess Championship B12"]
[Site "Prague, Top Hotel Prague"]
[Date "2016.08.26"]
[Round "8.46"]
[White "Magold, Victor"]
[Black "Koelle, Tobias"]
[Result "1/2-1/2"]
[WhiteElo "1708"]
[BlackElo "1866"]
[PlyCount "129"]
[EventDate "2016.08.18"]

{No moves yet, please connect to the cloud server} 1. e4 e5 2. Nf3 Nc6 3. Bc4
Bc5 4. c3 Nf6 5. d4 exd4 6. e5 d5 7. Bb5 Ne4 8. cxd4 Bb6 9. O-O O-O 10. Nc3 Bg4
11. Bxc6 bxc6 12. Be3 f6 13. Nxe4 dxe4 14. Qb3+ Kh8 15. Nd2 f5 16. f3 exf3 17.
Nxf3 Bxf3 18. Rxf3 f4 19. Bf2 Bxd4 20. Rd1 Bxf2+ 21. Rxf2 Qe7 22. Re1 Rf5 23.
e6 h6 24. Qd3 Rf6 25. Qc4 Qd6 26. Rfe2 Re8 27. e7 f3 28. gxf3 Rg6+ 29. Kh1 Qf6
30. Qc3 Qg5 31. Qe3 Qf6 32. b3 Rxe7 33. Qf2 Rxe2 34. Qxe2 Qd6 35. Qe8+ Kh7 36.
Qe4 Qd5 37. Qe3 Rf6 38. Kg2 Rd6 39. Re2 Rg6+ 40. Kh1 Qd1+ 41. Re1 Qc2 42. Qe2
Qxe2 43. Rxe2 c5 44. Rc2 Rg5 45. Rc4 Kg6 46. Ra4 c4 47. Rxc4 Rd5 48. Rc2 c5 49.
Kg2 Kf5 50. Kg3 Ke5 51. h4 g6 52. Re2+ Kf6 53. Kg4 Rd4+ 54. Kg3 c4 55. bxc4
Rxc4 56. Rb2 Ra4 57. Rc2 Ra6 58. Rh2 Ke5 59. Rd2 h5 60. Kf2 Ra5 61. Kg3 Kf5 62.
Re2 g5 63. hxg5 Kxg5 64. Rh2 Ra4 65. f4+ 1/2-1/2

[Event "European Youth Chess Championship B12"]
[Site "Prague, Top Hotel Prague"]
[Date "2016.08.26"]
[Round "8.47"]
[White "Nytra, Ondrej"]
[Black "Krejcok, Tobias"]
[Result "1/2-1/2"]
[WhiteElo "1708"]
[BlackElo "1851"]
[PlyCount "133"]
[EventDate "2016.08.18"]

1. Nf3 d5 2. d4 Bf5 3. Bf4 Nf6 4. e3 c6 5. c4 e6 6. Nc3 Bb4 7. a3 Bxc3+ 8. bxc3
Ne4 9. Qb3 Qb6 10. Qxb6 axb6 11. cxd5 exd5 12. c4 dxc4 13. Bxc4 O-O 14. O-O Nd7
15. Ng5 Nd2 16. Rfc1 Nxc4 17. Rxc4 h6 18. Nf3 Be4 19. Nd2 Bd5 20. Rcc1 f5 21.
Nc4 Bxc4 22. Rxc4 b5 23. Rcc1 Nb6 24. Bd6 Rfe8 25. Bc5 Nd5 26. h3 Re6 27. Bb4
Kf7 28. Kh2 Kf6 29. g4 f4 30. exf4 Nxf4 31. Rab1 Re2 32. Rc3 g5 33. Kg3 Re4 34.
Kf3 Rxd4 35. Re3 Nd5 36. Bc3 Nxc3 37. Rxc3 Rad8 38. Ke3 Rf4 39. f3 Re8+ 40. Kf2
Rd4 41. Kg3 Re2 42. h4 Rdd2 43. hxg5+ hxg5 44. Rg1 Rf2 45. Rb3 Ke5 46. Re3+ Kd4
47. Re4+ Kd5 48. Re7 c5 49. Rxb7 Kc6 50. Rg7 c4 51. Rxg5 c3 52. Rc1 Rg2+ 53.
Kf4 c2 54. Re5 Rd3 55. Re3 Rd4+ 56. Kf5 Rc4 57. f4 Rc5+ 58. Re5 Rc3 59. g5 Rxa3
60. Kf6 b4 61. g6 Rag3 62. Rg5 Rxg5 63. fxg5 Rf2+ 64. Ke7 b3 65. g7 b2 66. g8=Q
bxc1=Q 67. Qc4+ 1/2-1/2